| 000 | 00000nam##2200000za#4500 |
| 001 | 9.617491 |
| 003 | CaOODSP |
| 005 | 20200327191812 |
| 007 | ta |
| 008 | 150406|2005||||xxc||||| f|0| 0 eng|d |
| 040 | |aCaOODSP|beng |
| 043 | |an-cn--- |
| 086 | 1 |aT51-15/706-2005E-R |
| 110 | 1 |aCanada. |bTransport Canada. |
| 245 | 10|a706 - Aircraft maintenance requirements for air operators |
| 246 | 3 |aCanadian aviation regulations (CARs) |
| 250 | |aSupplementary Amendment to 2005-1 (effective 2005/05/31) |
| 260 | |aOttawa - Ontario : |bTransport Canada |
| 300 | |a8p. ; |c28 cm. |
| 490 | 1 |aCARs 700 - General |vChange No. 2 |
| 500 | |aSuperseded by CARs regulation no. T51-15/706-2009E-R. |
| 563 | |aLoose-leaf |
| 775 | 08|t706 - Exigences de maintenance des aéronefs pour les exploitants aériens |w(CaOODSP)9.627014 |
| 830 | #0|aCARs 700 - General ;|vChange No. 2|w(CaOODSP)9.515157 |